[Event "Cornella Pinol Memorial 6th"]
[Site "Cornella de Llobregat"]
[Date "2018.10.22"]
[Round "5"]
[White "Marin Candel, Joan"]
[Black "Tebar Ramon, Miquel"]
[Result "1/2-1/2"]
[WhiteElo "1789"]
[BlackElo "2057"]
[PlyCount "35"]
[EventDate "2018.09.24"]
[EventType "swiss"]
[EventRounds "9"]
[EventCountry "ESP"]
[SourceTitle "CBM 187 Extra"]
[Source "ChessBase"]
[SourceDate "2018.11.04"]
[SourceVersion "1"]
[SourceVersionDate "2018.11.04"]
[SourceQuality "1"]

1. c4 c5 2. Nc3 Nc6 3. g3 g6 4. Bg2 Bg7 5. Rb1 e5 6. a3 a5 7. b3 Nge7 8. Bb2 0-0 9. Nh3 d6 10. 0-0 Rb8 11. d3 h6 12. e3 Be6 13. f4 Qd7 14. Nf2 exf4 15. gxf4 Nf5 16. Qe2 Rfe8 17. Nce4 Qe7 18. Ng4 1/2-1/2

[Event "Cornella Pinol Memorial 5th"]
[Site "Cornella de Llobregat"]
[Date "2017.10.23"]
[Round "5"]
[White "Tebar Ramon, Miquel"]
[Black "Granados Tello, Roman"]
[Result "1-0"]
[WhiteElo "2033"]
[BlackElo "1881"]
[PlyCount "67"]
[EventDate "2017.09.25"]
[EventType "swiss"]
[EventRounds "9"]
[EventCountry "ESP"]
[SourceTitle "CBM 181 Extra"]
[Source "ChessBase"]
[SourceDate "2017.12.12"]
[SourceVersion "1"]
[SourceVersionDate "2017.12.12"]
[SourceQuality "1"]

1. d4 Nf6 2. Bf4 e6 3. e3 c5 4. c3 Nc6 5. Nd2 d5 6. Ngf3 Bd6 7. Bg3 0-0 8. Bd3 b6 9. Ne5 Qc7 10. f4 Bb7 11. 0-0 Ne7 12. Qc1 g6 13. Bh4 Bxe5 14. fxe5 Ng4 15. Qe1 f5 16. h3 Nh6 17. Bf6 Nf7 18. Qh4 Nc6 19. Nf3 h6 20. g4 cxd4 21. exd4 Rae8 22. gxf5 exf5 23. Qg3 Kh7 24. Nh4 Ng5 25. Bxg5 hxg5 26. Qxg5 Qg7 27. Bb5 Re7 28. Bxc6 Bxc6 29. Rf4 Ref7 30. Kh2 Qh6 31. Nf3 Kg7 32. Rh4 Qxg5 33. Nxg5 f4 34. Rh7+ 1-0

[Event "Cornella Pinol Memorial 5th"]
[Site "Cornella de Llobregat"]
[Date "2017.10.16"]
[Round "4"]
[White "Grau Beltran, Eduard"]
[Black "Tebar Ramon, Miquel"]
[Result "0-1"]
[WhiteElo "1853"]
[BlackElo "2033"]
[PlyCount "76"]
[EventDate "2017.09.25"]
[EventType "swiss"]
[EventRounds "9"]
[EventCountry "ESP"]
[SourceTitle "CBM 181 Extra"]
[Source "ChessBase"]
[SourceDate "2017.12.12"]
[SourceVersion "1"]
[SourceVersionDate "2017.12.12"]
[SourceQuality "1"]

1. Nf3 Nf6 2. c4 d6 3. g3 e5 4. Bg2 c6 5. Nc3 Nbd7 6. d3 Be7 7. 0-0 0-0 8. a3 a5 9. Rb1 Qc7 10. Nd2 Nb6 11. e4 Bg4 12. f3 Be6 13. Ne2 d5 14. Qc2 dxc4 15. dxc4 Bc5+ 16. Kh1 Be3 17. c5 Nbd7 18. Nb3 Bxb3 19. Qxb3 Bxc5 20. Be3 Qb6 21. Qxb6 Bxb6 22. Bxb6 Nxb6 23. f4 Nc4 24. Rfe1 Rfe8 25. Nc3 Rad8 26. Bf1 Nd2 27. Rbd1 Nxf1 28. Rxf1 Ng4 29. Rxd8 Rxd8 30. h3 Ne3 31. Rf2 Nc4 32. Kg2 f6 33. fxe5 Nxe5 34. Nb1 Rd4 35. Re2 Kf7 36. Kf2 Ke6 37. Nd2 h5 38. b3 Rd3 0-1

[Event "Sant Boi Chalmeta Memorial op 28th"]
[Site "Sant Boi de Llobregat"]
[Date "2016.06.03"]
[Round "7"]
[White "Chalmeta Torredemer, Josep"]
[Black "Tebar Ramon, Miquel"]
[Result "1-0"]
[WhiteElo "2144"]
[BlackElo "2067"]
[PlyCount "107"]
[EventDate "2016.04.22"]
[EventType "swiss"]
[EventRounds "9"]
[EventCountry "ESP"]
[SourceTitle "EXT 2017"]
[Source "ChessBase"]
[SourceDate "2016.10.25"]
[SourceVersion "1"]
[SourceVersionDate "2016.10.25"]
[SourceQuality "1"]

1. d4 Nf6 2. c4 d6 3. Nc3 Nbd7 4. e4 e5 5. d5 Nc5 6. Qc2 a5 7. b3 Be7 8. Be2 0-0 9. Nf3 Ne8 10. Be3 b6 11. Bxc5 bxc5 12. Bd3 g6 13. h3 f5 14. 0-0-0 Bd7 15. a4 Qc8 16. Rhf1 Nf6 17. Nd2 Nh5 18. Ne2 Bg5 19. Kb2 Rb8 20. Ka2 Rf7 21. f3 Be3 22. Nb1 f4 23. Nbc3 Nf6 24. Rb1 g5 25. Nd1 Bd4 26. Ndc3 h5 27. Nb5 Rg7 28. Rbe1 Kf7 29. Nexd4 cxd4 30. c5 Bxb5 31. Bxb5 g4 32. hxg4 hxg4 33. Rc1 Ne8 34. Bxe8+ Qxe8 35. cxd6 cxd6 36. Qc7+ Kg8 37. Qxd6 gxf3 38. gxf3 Rg2+ 39. Ka3 Rd8 40. Qc5 Qf8 41. Qxf8+ Kxf8 42. b4 axb4+ 43. Kxb4 Rb8+ 44. Kc5 d3 45. Kd6 d2 46. Rcd1 Re8 47. Rh1 Rg6+ 48. Kc5 Rc8+ 49. Kb5 Rg2 50. Rh8+ Rg8 51. Rxg8+ Kxg8 52. Rxd2 Rc3 53. d6 Rxf3 54. d7 1-0

[Event "Sant Boi Chalmeta Memorial op 28th"]
[Site "Sant Boi de Llobregat"]
[Date "2016.05.06"]
[Round "3"]
[White "Munoz de la Orden, David"]
[Black "Tebar Ramon, Miquel"]
[Result "1-0"]
[WhiteElo "2008"]
[BlackElo "2067"]
[PlyCount "97"]
[EventDate "2016.04.22"]
[EventType "swiss"]
[EventRounds "9"]
[EventCountry "ESP"]
[SourceTitle "EXT 2017"]
[Source "ChessBase"]
[SourceDate "2016.10.25"]
[SourceVersion "1"]
[SourceVersionDate "2016.10.25"]
[SourceQuality "1"]

1. e4 Nc6 2. c4 e5 3. Nf3 Bc5 4. Be2 Nf6 5. Nc3 d6 6. 0-0 h6 7. d3 Be6 8. a3 a5 9. b3 0-0 10. Ne1 Qd7 11. Nc2 Nd4 12. Rb1 c6 13. Be3 Ng4 14. Bxd4 exd4 15. Na4 Ba7 16. Qd2 Qc7 17. Qf4 Ne5 18. Qg3 f5 19. f4 Nd7 20. exf5 Bxf5 21. Nb2 Nf6 22. Nd1 Rae8 23. Re1 Re7 24. h3 Rfe8 25. Qf3 Ne4 26. g4 Nd2 27. Qf2 Nxb1 28. gxf5 Nc3 29. Bh5 Rxe1+ 30. Nxe1 Nxd1 31. Bxd1 Re3 32. Bf3 Qe7 33. Kf1 Qf6 34. Be4 Rxh3 35. Qg2 Re3 36. Nc2 Kf8 37. Nxe3 dxe3 38. Qg6 Qa1+ 39. Kg2 Qb2+ 40. Kh3 Qd4 41. Qg2 Qf6 42. Qf3 Bd4 43. Qg4 Bb2 44. a4 Bd4 45. Bf3 Bc5 46. Qg6 Qb2 47. Bh5 Ke7 48. Qe8+ Kf6 49. Qf7# 1-0

[Event "Cornella de Llobregat Vallve Pinol 3rd"]
[Site "Cornella de Llobregat"]
[Date "2015.11.16"]
[Round "8.6"]
[White "Tebar Ramon, Juan Bosco"]
[Black "Tebar Ramon, Miquel"]
[Result "1/2-1/2"]
[WhiteElo "2063"]
[BlackElo "2177"]
[PlyCount "20"]
[EventDate "2015.09.21"]
[EventType "swiss"]
[EventRounds "9"]
[EventCountry "ESP"]
[SourceTitle "EXT 2024"]
[Source "ChessBase"]
[SourceDate "2023.10.10"]
[SourceVersion "1"]
[SourceVersionDate "2023.10.10"]
[SourceQuality "1"]

1. d4 d5 2. Nf3 Nf6 3. c3 c6 4. Bf4 Bf5 5. Nbd2 Nbd7 6. e3 e6 7. Qb3 Qb6 8. Be2 Be7 9. 0-0 0-0 10. h3 Rfc8 1/2-1/2

[Event "Cornella de Llobregat Vallve Pinol 3rd"]
[Site "Cornella de Llobregat"]
[Date "2015.11.02"]
[Round "6.5"]
[White "Garcia Riera, Josep"]
[Black "Tebar Ramon, Miquel"]
[Result "1/2-1/2"]
[WhiteElo "2098"]
[BlackElo "2177"]
[PlyCount "62"]
[EventDate "2015.09.21"]
[EventType "swiss"]
[EventRounds "9"]
[EventCountry "ESP"]
[SourceTitle "EXT 2024"]
[Source "ChessBase"]
[SourceDate "2023.10.10"]
[SourceVersion "1"]
[SourceVersionDate "2023.10.10"]
[SourceQuality "1"]

1. d4 Nf6 2. c4 d6 3. Nc3 e5 4. dxe5 dxe5 5. Qxd8+ Kxd8 6. Nf3 Nfd7 7. e4 f6 8. Be3 c6 9. 0-0-0 Kc7 10. Be2 a5 11. Rd2 Bb4 12. Rhd1 Na6 13. Ne1 Ndc5 14. f3 Be6 15. Kc2 Nd7 16. a3 Bc5 17. Bxc5 Ndxc5 18. b3 a4 19. bxa4 Nb8 20. Nd3 Nbd7 21. Nxc5 Nxc5 22. Kb2 Nxa4+ 23. Nxa4 Rxa4 24. Rc2 Rha8 25. Rc3 R8a5 26. Rdc1 c5 27. Bd1 Ra6 28. Bxa4 Rxa4 29. R1c2 Ra6 30. Rd2 Ra7 31. Rdc2 Ra6 1/2-1/2

[Event "Barcelona Tres Peons op 16th"]
[Site "Barcelona"]
[Date "2014.02.21"]
[Round "7"]
[White "Colom Andres, Xavier"]
[Black "Tebar Ramon, Miquel"]
[Result "1-0"]
[WhiteElo "2052"]
[BlackElo "2190"]
[PlyCount "57"]
[EventDate "2014.01.10"]
[EventType "swiss"]
[EventRounds "9"]
[EventCountry "ESP"]
[SourceTitle "EXT 2015"]
[Source "ChessBase"]
[SourceDate "2014.11.20"]
[SourceVersion "1"]
[SourceVersionDate "2014.11.20"]
[SourceQuality "1"]

1. Nf3 d5 2. c4 c6 3. b3 Bf5 4. g3 e6 5. Bb2 Nf6 6. Bg2 Nbd7 7. 0-0 Bd6 8. d3 h6 9. Nc3 Bh7 10. e4 dxe4 11. dxe4 Qe7 12. Qe2 Bb4 13. e5 Bxc3 14. Bxc3 Ne4 15. Bb2 Nec5 16. Rfd1 0-0-0 17. Ba3 f6 18. Qe3 b6 19. Nd4 Nxe5 20. f4 Ned3 21. Nxc6 Qf7 22. Nxd8 Rxd8 23. b4 Na4 24. Qf3 Nc3 25. Qa8+ Kd7 26. Rxd3+ Bxd3 27. Qf3 Bxc4 28. Qb7+ Ke8 29. b5 1-0

[Event "Barcelona Tres Peons op 16th"]
[Site "Barcelona"]
[Date "2014.02.07"]
[Round "5"]
[White "Codina Blasco, Joan"]
[Black "Tebar Ramon, Miquel"]
[Result "0-1"]
[WhiteElo "1896"]
[BlackElo "2190"]
[PlyCount "116"]
[EventDate "2014.01.10"]
[EventType "swiss"]
[EventRounds "9"]
[EventCountry "ESP"]
[SourceTitle "EXT 2015"]
[Source "ChessBase"]
[SourceDate "2014.11.20"]
[SourceVersion "1"]
[SourceVersionDate "2014.11.20"]
[SourceQuality "1"]

1. e4 e6 2. d4 d5 3. Nc3 Bb4 4. e5 Qd7 5. Qg4 f5 6. Qg3 b6 7. Bd2 Ba6 8. Bxa6 Nxa6 9. Qd3 Nb8 10. Nge2 c5 11. a3 c4 12. Qf3 Bf8 13. Nf4 Ne7 14. 0-0-0 a6 15. h4 b5 16. h5 a5 17. Nxe6 Qxe6 18. Nxb5 Qc6 19. Nd6+ Kd7 20. Bg5 Kc7 21. Nf7 Rg8 22. Bf4 Kb6 23. Rhe1 Na6 24. e6 Ra7 25. Ne5 Qe8 26. b3 cxb3 27. Nd7+ Rxd7 28. Qxb3+ Ka7 29. exd7 Qxd7 30. Re5 g5 31. hxg6 Nxg6 32. Rxd5 Bxa3+ 33. Kb1 Qc6 34. Rxa5 Nxf4 35. Rxa6+ Kxa6 36. Qxa3+ Kb6 37. d5 Qb5+ 38. Qb3 Qxb3+ 39. cxb3 Rd8 40. d6 Nxg2 41. Rd5 Nh4 42. Rd3 Rd7 43. Rh3 Ng6 44. Kb2 Kc6 45. Rh5 Rf7 46. b4 Kxd6 47. Rh3 Rb7 48. Kb3 Nf4 49. Rh6+ Ke5 50. Rc6 Nd5 51. Rc8 Rxb4+ 52. Ka3 Rb7 53. Rc5 Kd4 54. Ra5 f4 55. Ra4+ Kc3 56. Ra8 Rb3+ 57. Ka2 Nb4+ 58. Ka1 Nc2+ 0-1

[Event "Barcelona Tres Peons op 16th"]
[Site "Barcelona"]
[Date "2014.01.31"]
[Round "4"]
[White "Tebar Ramon, Miquel"]
[Black "Volart Buil, Jordi"]
[Result "1-0"]
[WhiteElo "2190"]
[BlackElo "1973"]
[PlyCount "49"]
[EventDate "2014.01.10"]
[EventType "swiss"]
[EventRounds "9"]
[EventCountry "ESP"]
[SourceTitle "EXT 2015"]
[Source "ChessBase"]
[SourceDate "2014.11.20"]
[SourceVersion "1"]
[SourceVersionDate "2014.11.20"]
[SourceQuality "1"]

1. d4 Nf6 2. Bf4 c5 3. e3 a6 4. c3 Qb6 5. Qb3 Qxb3 6. axb3 e6 7. Nf3 Nc6 8. Nbd2 d5 9. dxc5 Bxc5 10. b4 Bb6 11. b5 Ne7 12. bxa6 0-0 13. Bd6 Bd8 14. a7 Ne8 15. Bb4 f6 16. Nd4 Kf7 17. Nb5 Nc6 18. Be2 Bb6 19. 0-0 Bd7 20. Bd6 Na5 21. Bg3 e5 22. c4 Bc6 23. b4 Nxc4 24. Nxc4 dxc4 25. Bxc4+ 1-0

[Event "Cornella Pinol Memorial 1st"]
[Site "Cornella de Llobregat"]
[Date "2013.11.25"]
[Round "9"]
[White "Recio Reyes, Sergio"]
[Black "Tebar Ramon, Miquel"]
[Result "1/2-1/2"]
[WhiteElo "1877"]
[BlackElo "2080"]
[PlyCount "78"]
[EventDate "2013.09.30"]
[EventType "swiss"]
[EventRounds "9"]
[EventCountry "ESP"]
[SourceTitle "EXT 2015"]
[Source "ChessBase"]
[SourceDate "2014.11.20"]
[SourceVersion "1"]
[SourceVersionDate "2014.11.20"]
[SourceQuality "1"]

1. e4 e6 2. d4 d5 3. Nc3 Bb4 4. exd5 exd5 5. Bd3 Nc6 6. Nge2 Nge7 7. 0-0 Bg4 8. f3 Bh5 9. Bf4 a6 10. Re1 Qd7 11. a3 Bxc3 12. bxc3 f6 13. Ng3 Bg6 14. a4 0-0-0 15. Rb1 h5 16. Bxa6 bxa6 17. Qe2 Rde8 18. Qxa6+ Kd8 19. Rb7 Nc8 20. Bxc7+ Qxc7 21. Rxe8+ Rxe8 22. Rxc7 Kxc7 23. Ne2 Bf7 24. Kf2 Nd6 25. Qd3 g5 26. Nc1 Ra8 27. Qh7 Rxa4 28. Nb3 Rc4 29. Nc5 Rxc3 30. Ne6+ Kb6 31. Nc5 Kb5 32. Nb3 h4 33. Ke1 Re3+ 34. Kf2 Re7 35. Qd3+ Nc4 36. Qf5 Ne3 37. Qxf6 Nd1+ 38. Kf1 Ne3+ 39. Kf2 Nd1+ 1/2-1/2

[Event "Cornella Pinol Memorial 1st"]
[Site "Cornella de Llobregat"]
[Date "2013.10.14"]
[Round "3"]
[White "Mingo Fernandez, Matias"]
[Black "Tebar Ramon, Miquel"]
[Result "1/2-1/2"]
[WhiteElo "2202"]
[BlackElo "2080"]
[PlyCount "56"]
[EventDate "2013.09.30"]
[EventType "swiss"]
[EventRounds "9"]
[EventCountry "ESP"]
[SourceTitle "EXT 2015"]
[Source "ChessBase"]
[SourceDate "2014.11.20"]
[SourceVersion "1"]
[SourceVersionDate "2014.11.20"]
[SourceQuality "1"]

1. e4 e6 2. d4 d5 3. e5 Bd7 4. Nf3 a6 5. Be2 Bb5 6. 0-0 Qd7 7. Nc3 Bxe2 8. Nxe2 c5 9. dxc5 Bxc5 10. Nf4 h5 11. Ng5 Nc6 12. Nd3 Bf8 13. Re1 g6 14. c3 Nh6 15. Qf3 Nf5 16. Bf4 Be7 17. Rad1 Qd8 18. h4 Nxh4 19. Qe3 Nf5 20. Qc1 Rc8 21. Nh3 Qa5 22. Bg5 Bxg5 23. Qxg5 Qd8 24. Qd2 h4 25. Kh2 Rh5 26. Ndf4 Rh8 27. Nd3 Rh5 28. Ndf4 Rh8 1/2-1/2

[Event "Barcelona Tres Peons op-A 15th"]
[Site "Barcelona"]
[Date "2013.02.15"]
[Round "6"]
[White "Tebar Ramon, Miquel"]
[Black "Barragan Hernandez, Manel"]
[Result "1-0"]
[WhiteElo "2078"]
[BlackElo "1862"]
[PlyCount "105"]
[EventDate "2013.01.11"]
[EventType "swiss"]
[EventRounds "9"]
[EventCountry "ESP"]
[SourceTitle "EXT 2014"]
[Source "ChessBase"]
[SourceDate "2013.11.20"]
[SourceVersion "1"]
[SourceVersionDate "2013.11.20"]
[SourceQuality "1"]

1. d4 Nf6 2. Bf4 d5 3. e3 c5 4. c3 Nc6 5. Nd2 Bf5 6. Qb3 Qb6 7. dxc5 Qxb3 8. axb3 e5 9. Bg3 Bxc5 10. b4 Bd6 11. Ngf3 Nh5 12. b5 Nxg3 13. hxg3 Ne7 14. e4 dxe4 15. Nc4 Bb8 16. Nb6 exf3 17. Nxa8 Be4 18. gxf3 Bxf3 19. Rh2 b6 20. Bg2 Bxg2 21. Rxg2 0-0 22. g4 Nc8 23. c4 Nd6 24. b3 Rc8 25. f3 e4 26. fxe4 Nxe4 27. Kf1 Ng3+ 28. Kg1 Re8 29. Rxg3 Bxg3 30. Rxa7 Bd6 31. Ra6 Bc5+ 32. Kg2 Re6 33. Nc7 Rg6 34. Nd5 h5 35. b4 Rxg4+ 36. Kf3 Rxc4 37. bxc5 Rxc5 38. Ne7+ Kh7 39. Rxb6 g5 40. Rb7 Rc3+ 41. Ke2 Rc2+ 42. Kd3 Rf2 43. b6 h4 44. Ke3 Rf1 45. Ke2 Rf4 46. Nd5 h3 47. Ra7 Rf5 48. b7 h2 49. Ra1 Re5+ 50. Kf2 Rxd5 51. b8Q Kg6 52. Rh1 f5 53. Qg8+ 1-0

[Event "Barcelona Tres Peons op-A 15th"]
[Site "Barcelona"]
[Date "2013.02.08"]
[Round "5"]
[White "Munoz Pantoja, Miguel Angel"]
[Black "Tebar Ramon, Miquel"]
[Result "1-0"]
[WhiteElo "2479"]
[BlackElo "2078"]
[PlyCount "59"]
[EventDate "2013.01.11"]
[EventType "swiss"]
[EventRounds "9"]
[EventCountry "ESP"]
[SourceTitle "EXT 2014"]
[Source "ChessBase"]
[SourceDate "2013.11.20"]
[SourceVersion "1"]
[SourceVersionDate "2013.11.20"]
[SourceQuality "1"]

1. e4 e6 2. d4 d5 3. Nd2 Nc6 4. Ngf3 Nf6 5. e5 Nd7 6. Bb5 Ncb8 7. 0-0 b6 8. Qe2 a5 9. Ne1 Ba6 10. Bxa6 Nxa6 11. f4 g6 12. g4 h5 13. f5 Bh6 14. fxe6 fxe6 15. gxh5 Qg5+ 16. Ng2 Qxh5 17. Qxh5 gxh5 18. Nf3 c5 19. c3 cxd4 20. cxd4 Rc8 21. Bg5 Rc4 22. b3 Rc2 23. Rac1 Rxc1 24. Rxc1 Bxg5 25. Nxg5 Ke7 26. Rc6 Rh6 27. a3 h4 28. Nf4 Nab8 29. Nxd5+ Ke8 30. Rc8# 1-0

[Event "Barcelona Tres Peons op-A 15th"]
[Site "Barcelona"]
[Date "2013.01.18"]
[Round "2"]
[White "Moyano Barrero, Antonio"]
[Black "Tebar Ramon, Miquel"]
[Result "1-0"]
[WhiteElo "1815"]
[BlackElo "2078"]
[PlyCount "73"]
[EventDate "2013.01.11"]
[EventType "swiss"]
[EventRounds "9"]
[EventCountry "ESP"]
[SourceTitle "EXT 2014"]
[Source "ChessBase"]
[SourceDate "2013.11.20"]
[SourceVersion "1"]
[SourceVersionDate "2013.11.20"]
[SourceQuality "1"]

1. b4 c6 2. Bb2 d5 3. e3 Bf5 4. c4 e6 5. Nf3 Nf6 6. b5 Nbd7 7. Be2 Qb6 8. a4 a5 9. 0-0 Be7 10. d4 Ne4 11. c5 Qd8 12. Nbd2 Bf6 13. Nxe4 dxe4 14. bxc6 bxc6 15. Ne5 Qc7 16. Nc4 0-0 17. Bc3 Nxc5 18. Bxa5 Rxa5 19. Nxa5 Qxa5 20. dxc5 Bxa1 21. Qxa1 Qxc5 22. Rc1 Qd6 23. Qc3 Rb8 24. g4 Bg6 25. Qxc6 Qd8 26. Qc7 Qf8 27. Ba6 f5 28. Qxb8 Qxb8 29. Rc8+ Qxc8 30. Bxc8 Be8 31. a5 Bb5 32. Bxe6+ Kf8 33. Bxf5 h6 34. Bxe4 Ba6 35. f4 Ke7 36. Kf2 Ke6 37. h4 1-0

[Event "Barcelona Vila de Gracia op 6th"]
[Site "Barcelona"]
[Date "2012.10.19"]
[Round "3"]
[White "Daguro Dasalla, Armando"]
[Black "Tebar Ramon, Miquel"]
[Result "1-0"]
[WhiteElo "1992"]
[BlackElo "2080"]
[PlyCount "85"]
[EventDate "2012.09.28"]
[EventType "swiss"]
[EventRounds "9"]
[EventCountry "ESP"]
[SourceTitle "EXT 2015"]
[Source "ChessBase"]
[SourceDate "2014.11.20"]
[SourceVersion "1"]
[SourceVersionDate "2014.11.20"]
[SourceQuality "1"]

1. d4 d6 2. Nf3 Bg4 3. Nbd2 Nd7 4. c4 e5 5. Qc2 c6 6. b3 Qa5 7. Bb2 Ngf6 8. a4 Bh5 9. Qc3 Qxc3 10. Bxc3 exd4 11. Nxd4 Bg6 12. e3 Be7 13. Be2 0-0 14. 0-0 Nc5 15. f3 Nfd7 16. e4 Bf6 17. Bd1 Ne6 18. Ne2 Bxc3 19. Nxc3 Ndc5 20. f4 f5 21. g4 Nd4 22. gxf5 Bf7 23. Ne2 Nxe2+ 24. Bxe2 Rae8 25. Bf3 Re7 26. Bg2 Rfe8 27. Rae1 Bh5 28. h3 Kf7 29. a5 g6 30. fxg6+ hxg6 31. Re3 d5 32. cxd5 cxd5 33. e5 d4 34. Bd5+ Kg7 35. Rg3 Be2 36. Rf2 Bb5 37. Rfg2 Nd3 38. Rxg6+ Kh7 39. R6g4 Kh8 40. Be4 Rh7 41. Bxh7 Nxf4 42. Rxf4 Rxe5 43. Bf5 1-0